000 00806nam a2200289 4500
001 1987
010 _a9789722375252
021 _aPT
_b536895/24
090 _a1987
100 _a20251120d2024 m||y0pory50030103ba
101 _apor
102 _aPT
200 _aQuerida tia
_fValérie Perrin
_gtrad. Maria de Fátima Carmo, Maria Ferro
205 _a1ª edição
210 _aLisboa
_cPresença
_d2024
215 _a511 p.
_d24 cm
225 _aGrandes narrativas
300 _aBMB-Registado
304 _aTít. orig.: Tata
606 _91047
_aLiteratura Italiana
606 _9779
_aRomance
675 _a821.133.1-31
_vBMB
_zpor
700 _aPerrin
_bValérie
_f1967-
_91744
702 _aCarmo
_bMaria de Fátima
_4730
_91745
702 _aFerro
_bMaria João
_4730
_9987
801 _aPT
_bBMB
_gRPC
990 _cLIVROS